Premios que la Sociedad Económica de Amigos del País de Valencia ofrece para el certamen público de 8 de diciembre de 1877. (Record no. 173599)

MARC details
000 -LEADER
campo de control de longitud fija 00702nam a22001815i 4500
001 - NÚMERO DE CONTROL
campo de control 173599
003 - IDENTIFICADOR DE NÚMERO DE CONTROL
campo de control ES-MaACL
005 - FECHA Y HORA DE LA ÚLTIMA TRANSACCIÓN
campo de control 20250902093528.0
008 - DATOS DE LONGITUD FIJA--INFORMACIÓN GENERAL
campo de control de longitud fija 091211s1877 sp |||| | spa d
080 ## - NÚMERO DE LA CLASIFICACIÓN DECIMAL UNIVERSAL
Número de la Clasificación Decimal Universal 061.235(460.313 V.).068
245 00 - MENCIÓN DEL TÍTULO
Título Premios que la Sociedad Económica de Amigos del País de Valencia ofrece para el certamen público de 8 de diciembre de 1877.
260 ## - PUBLICACIÓN, DISTRIBUCIÓN, ETC.
Lugar de publicación, distribución, etc. Valencia :
Nombre del editor, distribuidor, etc. [s.n.],
Fecha de publicación, distribución, etc. 1877 (
Fabricante Imp. de José Rius)
300 ## - DESCRIPCIÓN FÍSICA
Extensión 10 p. ;
Dimensiones 24 cm.
610 14 - PUNTO DE ACCESO ADICIONAL DE MATERIA--NOMBRE DE ENTIDAD CORPORATIVA
Nombre de entidad corporativa o nombre de jurisdicción como elemento de entrada Real Sociedad Económica de Amigos del País de Valencia-
Subdivisión general Premios.
9 (RLIN) 141783
710 2# - ENTRADA AGREGADA--NOMBRE DE ENTIDAD CORPORATIVA
Nombre de entidad corporativa o nombre de jurisdicción como elemento de entrada Real Sociedad Económica de Amigos del País de Valencia
9 (RLIN) 141784
852 ## - LOCALIZACIÓN
Ubicación ES-MaACL
Número de control de estantería T-243-F-4
Holdings
Estatus retirado Estado de pérdida Estado de daño No para préstamo Colección Biblioteca de origen Biblioteca actual Ubicación en estantería Fecha de adquisición Fuente de adquisición Total de préstamos Signatura topográfica completa Código de barras Visto por última vez Precio de reemplazo Tipo de ítem Koha
        Colección de folletos Biblioteca del Ateneo de Madrid Biblioteca del Ateneo de Madrid Depósito folletos 11/12/2009     T-243-F-4 1182181 23/02/2023 23/02/2023 Folleto